| 000 | 00729cam a2200133 4500500 | ||
|---|---|---|---|
| 005 | 20260329023207.0 | ||
| 041 | _afre | ||
| 042 | _adc | ||
| 100 | 1 | 0 |
_aGardes Tamine, Joëlle _eauthor |
| 245 | 0 | 0 | _aLa stylistique |
| 260 |
_bArmand Colin,
_c2010. |
||
| 520 | _aPuisant dans la culture littéraire, une méthode de structuration pour l’analyse des phènomènes stylistiques. Les chapitres portent sur la poésie, la prose narrative, le théâtre et la question de l’argumentation. Chacun d’eux comprend un exposé théorique suivi de plusieurs applications destinées à l’illustrer et à l’approfondir. | ||
| 856 | 4 | 1 | _uhttps://shs.cairn.info/la-stylistique--9782200249304?lang=fr&redirect-ssocas=7080 |
| 999 |
_c1925378 _d1925378 |
||